[Event "XXV Miedzynarodowy Festiwal Szachowy w Poznaniu - OPEN A"]
[Site "Poznan"]
[Date "2017-08-27"]
[Round "9.1"]
[White "Urban, Klaudiusz"]
[Black "Tomczak, Jacek"]
[Result "1/2-1/2"]
[WhiteTitle "IM"]
[BlackTitle "GM"]
[WhiteElo "2426"]
[BlackElo "2598"]

1. d4 Nf6 2. c4 c5 3. Nf3 cxd4 4. Nxd4 e5 5. Nc2 b5 6. cxb5 Bb7 7. Nd2 d5 8. Nf3
Nbd7 9. e3 Bd6 10. Be2 Qc7 11. Bd2 O-O 1/2-1/2

[Event "XXV Miedzynarodowy Festiwal Szachowy w Poznaniu - OPEN A"]
[Site "Poznan"]
[Date "2017-08-27"]
[Round "9.2"]
[White "Szelag, Marcin"]
[Black "Madrawski, Krzysztof"]
[Result "1-0"]
[WhiteTitle "IM"]
[BlackTitle "I++"]
[WhiteElo "2456"]
[BlackElo "2043"]

1. e4 g6 2. d4 Bg7 3. Nc3 e6 4. Nf3 Ne7 5. h4 h6 6. Bf4 d6 7. Qd2 a6 8. Bd3 Nd7
9. e5 d5 10. Nd1 c5 11. c3 Nc6 12. Rc1 b5 13. Ne3 Qb6 14. Bb1 a5 15. O-O Ba6 16.
Rfe1 Ne7 17. b3 Rc8 18. Rcd1 cxd4 19. cxd4 b4 20. Ng4 h5 21. Nf6+ Nxf6 22. exf6
Bxf6 23. Be5 Bxe5 24. Nxe5 Qd6 25. Qf4 Nf5 26. Qg5 Qe7 27. Nxg6 Qxg5 28. hxg5
fxg6 29. Rxe6+ Kd7 30. Rxa6 Nd6 31. Rxa5 Rhg8 32. Rxd5 Rc3 33. Rc5 1-0

[Event "XXV Miedzynarodowy Festiwal Szachowy w Poznaniu - OPEN A"]
[Site "Poznan"]
[Date "2017-08-27"]
[Round "9.3"]
[White "Malaczek, Mateusz"]
[Black "Sieciechowicz, Marcin"]
[Result "1/2-1/2"]
[WhiteTitle "II+"]
[BlackTitle "IM"]
[WhiteElo "1950"]
[BlackElo "2408"]

1. c4 Nf6 2. Nf3 g6 3. g3 Bg7 4. Bg2 d5 5. cxd5 Nxd5 6. Nc3 Nb6 7. d3 Nc6 8. Be3
Nd4 9. Nxd4 Bxd4 10. Bh6 Rg8 11. Qd2 c6 12. Rc1 Be6 13. a3 Nd5 14. Na4 Qd6 15.
h4 Rd8 16. b4 b6 17. Qc2 Bd7 18. e3 Bg7 19. Bxg7 Rxg7 20. d4 h5 21. Nc3 e6 22.
O-O Kf8 23. Rfd1 Nxc3 24. Qxc3 g5 25. hxg5 Rxg5 26. e4 Kg8 27. e5 1/2-1/2

[Event "XXV Miedzynarodowy Festiwal Szachowy w Poznaniu - OPEN A"]
[Site "Poznan"]
[Date "2017-08-27"]
[Round "9.4"]
[White "Chojnacki, Krzysztof"]
[Black "Kus, Aleksander"]
[Result "1/2-1/2"]
[WhiteTitle "IM"]
[BlackTitle "I++"]
[WhiteElo "2377"]
[BlackElo "2012"]

1. d4 Nf6 2. c4 g6 3. Nc3 Bg7 4. e4 d6 5. Be2 O-O 6. Bg5 c5 7. d5 e6 8. Qd2 exd5
9. exd5 Qb6 10. Nf3 Bf5 11. Nh4 Ne4 12. Nxe4 Bxe4 13. f3 h6 14. Bxh6 Bxh6 15.
Qxh6 Qxb2 16. O-O Bc2 17. Rac1 Ba4 18. f4 Qg7 19. Qg5 Re8 20. Bf3 Nd7 21. Kh1
Qf6 22. Qg3 Re3 23. Qg4 Rae8 24. h3 Kg7 25. Bd1 Bxd1 26. Rcxd1 R8e4 27. Nxg6 Qxg6
28. Qxd7 Re2 29. Rg1 Rxf4 30. Rde1 Rxa2 31. Qc8 Re4 32. Rxe4 Qxe4 33. Qxb7 Qxc4
34. Qd7 Qf4 35. Qb5 Rc2 36. Qb1 Rf2 37. Qa1+ Qf6 38. Qxa7 c4 39. Qd7 c3 40. Qg4+
Kf8 41. Qc8+ Kg7 42. Qg4+ Kf8 43. Qc8+ 1/2-1/2

[Event "XXV Miedzynarodowy Festiwal Szachowy w Poznaniu - OPEN A"]
[Site "Poznan"]
[Date "2017-08-27"]
[Round "9.5"]
[White "Koitka, Jakub"]
[Black "Niekras, Dawid"]
[Result "1/2-1/2"]
[WhiteTitle "I++"]
[BlackTitle "FM"]
[WhiteElo "2144"]
[BlackElo "2277"]

1. d4 Nf6 2. Nf3 g6 3. g3 Bg7 4. Bg2 O-O 5. O-O c5 6. d5 d6 7. Nc3 e6 8. dxe6 fxe6
9. e4 Nc6 10. e5 dxe5 11. Qxd8 Rxd8 12. Bg5 h6 13. Bxf6 Bxf6 14. Ne4 Be7 15. Rfd1
Bd7 16. c3 1/2-1/2

[Event "XXV Miedzynarodowy Festiwal Szachowy w Poznaniu - OPEN A"]
[Site "Poznan"]
[Date "2017-08-27"]
[Round "9.6"]
[White "Schmidt, Wlodzimierz"]
[Black "Nowak, Rafal"]
[Result "1-0"]
[WhiteTitle "GM"]
[BlackTitle "I++"]
[WhiteElo "2272"]
[BlackElo "1996"]

1. d4 d5 2. c4 c6 3. Nc3 Nf6 4. Nf3 a6 5. e3 b5 6. b3 Bg4 7. Be2 e6 8. O-O Be7
9. h3 Bh5 10. Ne5 Bxe2 11. Qxe2 O-O 12. Bb2 b4 13. Na4 Ne4 14. Rac1 f6 15. Nd3
Ra7 16. Rc2 Bd6 17. Rfc1 f5 18. f3 Ng3 19. Qe1 g5 20. Ne5 Bxe5 21. dxe5 f4 22.
cxd5 cxd5 23. Qxb4 Rg7 24. Qd6 Qxd6 25. exd6 Rg6 26. exf4 gxf4 27. Nb6 Nf5 28.
Rc8 Nxd6 29. Rxf8+ Kxf8 30. Ba3 1-0

[Event "XXV Miedzynarodowy Festiwal Szachowy w Poznaniu - OPEN A"]
[Site "Poznan"]
[Date "2017-08-27"]
[Round "9.7"]
[White "Zakrzewski, Marek"]
[Black "Polok, Kacper"]
[Result "1/2-1/2"]
[WhiteTitle "k"]
[BlackTitle "FM"]
[WhiteElo "2237"]
[BlackElo "2249"]

1. e4 e6 2. d4 d5 3. Nd2 c5 4. exd5 exd5 5. Ngf3 Nf6 6. Bb5+ Bd7 7. Bxd7+ Nbxd7
8. O-O Be7 9. dxc5 Nxc5 10. Nb3 Nce4 11. Nfd4 Nd6 12. c3 O-O 13. Nc5 Qc8 14. Nd3
Nf5 15. Nxf5 Qxf5 16. Bf4 Rad8 17. Be5 Bd6 18. Bxd6 Rxd6 19. Ne1 Ne4 20. Nc2 a6
21. Nd4 Qf6 22. f3 Nc5 23. Qd2 Ne6 24. Rad1 g6 25. Nxe6 fxe6 26. f4 Rfd8 27. Qd4
Qxd4+ 28. Rxd4 Rc8 29. Rfd1 b5 30. Kf2 Kf7 31. Ke3 Rdc6 32. g3 Ke7 33. a4 Rb8
34. Rb4 Rcb6 35. axb5 a5 36. Rb3 Rxb5 37. Rxb5 Rxb5 38. Rd2 Kd6 39. Kd3 e5 40.
fxe5+ Kxe5 41. Kc2 Rb7 42. Re2+ Kd6 43. Rf2 Kc5 44. Kd3 Rb3 45. h4 Rb7 46. g4
Re7 47. Rf4 Rb7 48. Ra4 Rxb2 49. Rxa5+ Kd6 50. Ra7 Rg2 51. g5 Rg3+ 52. Kc2 d4
53. cxd4 Rg4 54. Kd3 Rxh4 55. Kc4 Rg4 56. Ra6+ Kd7 57. Kc5 Rxg5+ 58. d5 Ke7 59.
Ra7+ Kf6 60. Rxh7 Rg1 61. d6 Rd1 62. d7 g5 63. Kc6 g4 64. Rh6+ Ke5 65. Rg6 Rxd7
66. Kxd7 Kf4 67. Ke6 g3 68. Kd5 Kf3 69. Kd4 g2 70. Kd3 Kf2 71. Rf6+ Ke1 72. Rg6
Kf2 73. Rxg2+ Kxg2 74. Ke4 1/2-1/2

[Event "XXV Miedzynarodowy Festiwal Szachowy w Poznaniu - OPEN A"]
[Site "Poznan"]
[Date "2017-08-27"]
[Round "9.8"]
[White "Raczynski, Krzysztof"]
[Black "Niedbala, Wojciech"]
[Result "1-0"]
[WhiteTitle "k+"]
[BlackTitle "I"]
[WhiteElo "2208"]
[BlackElo "1908"]

1. e4 e6 2. d4 d5 3. Nd2 dxe4 4. Nxe4 Nd7 5. Nf3 Ngf6 6. Nxf6+ Nxf6 7. Bd3 c5 8.
O-O cxd4 9. Nxd4 Be7 10. c3 O-O 11. Qe2 Bd7 12. Bg5 Bc6 13. Nxc6 bxc6 14. Rfd1
Qc7 15. g3 Rfd8 16. c4 c5 17. Bd2 Nd7 18. Be4 Rac8 19. Bf4 Qb6 20. Rd3 e5 21.
Rxd7 Rxd7 22. Bf5 Rdd8 23. Bxc8 exf4 24. Qxe7 Rxc8 25. Rd1 h6 26. b3 fxg3 27.
hxg3 Rc7 28. Qe5 Rb7 29. Rd6 Qc7 30. Qd5 Rb6 31. Rd7 1-0

[Event "XXV Miedzynarodowy Festiwal Szachowy w Poznaniu - OPEN A"]
[Site "Poznan"]
[Date "2017-08-27"]
[Round "9.9"]
[White "Zadymov, Ihor"]
[Black "Jedras, Piotr"]
[Result "0-1"]
[WhiteTitle "II+"]
[BlackTitle "I+"]
[WhiteElo "2089"]
[BlackElo "2091"]

1. Nf3 d6 2. b3 e5 3. e4 Nf6 4. d4 exd4 5. Qxd4 Nc6 6. Bb5 Bd7 7. Bxc6 Bxc6 8.
Nc3 Be7 9. Bb2 Qd7 10. O-O O-O 11. Rad1 Nh5 12. Nd5 Bxd5 13. Qxd5 Nf4 14. Qf5
Qxf5 15. exf5 Nh5 16. g4 Nf6 17. g5 Nd7 18. Rfe1 Rfe8 19. h4 Bf8 20. Kf1 Rxe1+
21. Rxe1 d5 22. Ke2 Bc5 23. Kd3 c6 24. h5 Rd8 25. h6 g6 26. fxg6 fxg6 27. Nh2
Bd6 28. Ng4 Nc5+ 29. Kd2 Bf4+ 30. Kd1 Bxg5 31. Bf6 Bxf6 32. Nxf6+ Kf7 33. Nxh7
Rh8 34. Ng5+ Kf6 35. f4 Rxh6 36. b4 Na4 37. Re8 Kf5 38. Rf8+ Kg4 39. Rf6 Rh2 40.
Ne6 Nc3+ 41. Ke1 Ne4 42. Rxg6+ Kf5 43. Nf8 Rh8 0-1

[Event "XXV Miedzynarodowy Festiwal Szachowy w Poznaniu - OPEN A"]
[Site "Poznan"]
[Date "2017-08-27"]
[Round "9.10"]
[White "Nowak, Mikolaj"]
[Black "Kaluzny, Tomasz"]
[Result "1/2-1/2"]
[WhiteTitle "I++"]
[BlackTitle "I+"]
[WhiteElo "2076"]
[BlackElo "1890"]

1. d4 d5 2. c4 c6 3. Nd2 Nf6 4. Ngf3 Bf5 5. g3 e6 6. Bg2 Be7 7. O-O O-O 8. b3 Nbd7
9. Bb2 Qc7 10. Nh4 Bg4 11. h3 Bh5 12. g4 Bg6 13. Nxg6 hxg6 14. f4 Rad8 15. c5
b6 16. b4 a5 17. a3 Ra8 18. g5 Nh5 19. e3 Ng3 20. Re1 axb4 21. axb4 b5 22. Qg4
Nf5 23. Kf2 Ra4 24. Rxa4 bxa4 25. h4 Qb7 26. Ba3 Nb8 27. Bf1 Na6 28. Rb1 Nc7 29.
Nf3 Nb5 30. Bxb5 Qxb5 31. Ne5 Bd8 32. Rh1 Bc7 33. Nf3 Qc4 34. Bc1 Qxb4 35. h5
a3 36. hxg6 fxg6 37. Nh4 Nxh4 38. Qxe6+ Rf7 39. Rxh4 a2 40. Qe8+ Rf8 41. Qxg6
a1=Q 42. Qe6+ Rf7 43. g6 Qe1+ 44. Kxe1 Qxc1+ 45. Ke2 1/2-1/2

[Event "XXV Miedzynarodowy Festiwal Szachowy w Poznaniu - OPEN A"]
[Site "Poznan"]
[Date "2017-08-27"]
[Round "9.11"]
[White "Nun, Grzegorz"]
[Black "Orzechowski, Jacek"]
[Result "1/2-1/2"]
[WhiteTitle "I"]
[BlackTitle "m"]
[WhiteElo "1829"]
[BlackElo "2069"]

1. e4 d6 2. d4 Nf6 3. Nc3 Nbd7 4. Nf3 e5 5. Bc4 Be7 6. O-O O-O 7. h3 a6 8. a4 b6
9. Bg5 c6 10. dxe5 Nxe5 11. Nxe5 dxe5 12. Qf3 Qc7 13. Bxf6 Bxf6 14. Ne2 Be7 15.
Ng3 g6 16. Rfd1 Ra7 17. Nf1 b5 18. Bb3 Bc5 19. Ne3 Qe7 20. axb5 axb5 21. Rxa7
Bxa7 22. Ng4 Bxg4 23. Qxg4 Rd8 24. c3 Kg7 25. Rxd8 Qxd8 26. Qf3 f6 27. Qd1 Qxd1+
1/2-1/2

[Event "XXV Miedzynarodowy Festiwal Szachowy w Poznaniu - OPEN A"]
[Site "Poznan"]
[Date "2017-08-27"]
[Round "9.12"]
[White "Bednarska-bzdega, Malgorzata"]
[Black "Glatty, Zbigniew"]
[Result "1-0"]
[WhiteTitle "WFM"]
[BlackTitle "I"]
[WhiteElo "2047"]
[BlackElo "1879"]

1. e4 e5 2. Nf3 Nc6 3. d4 exd4 4. Nxd4 Nf6 5. Nxc6 bxc6 6. e5 Qe7 7. Qe2 Nd5 8.
c4 Ba6 9. b3 g6 10. f4 Bg7 11. Qf2 Nb6 12. Ba3 Qe6 13. Be2 d6 14. Nd2 O-O 15.
O-O Rfd8 16. Ne4 Nd7 17. Ng5 Qe8 18. exd6 Bxa1 19. dxc7 Bg7 20. cxd8=Q Rxd8 21.
Bf3 c5 22. Bb2 Bxb2 23. Qxb2 Qe3+ 24. Kh1 h6 25. Nxf7 Rf8 26. Nxh6+ Kh7 27. Ng4
Qxf4 28. Re1 Rf7 29. h3 Nf6 30. Nxf6+ Rxf6 31. Re7+ Rf7 32. Re4 Qg3 33. Re8 Kh6
34. Qe5 Qxe5 35. Rxe5 Rc7 36. Kg1 Bc8 37. Be4 a5 38. Kf2 Rf7+ 39. Ke3 Rc7 40.
g4 g5 41. Ke2 a4 42. bxa4 Ba6 43. Re6+ 1-0

[Event "XXV Miedzynarodowy Festiwal Szachowy w Poznaniu - OPEN A"]
[Site "Poznan"]
[Date "2017-08-27"]
[Round "9.13"]
[White "Banach, Szymon"]
[Black "Olejarczyk, Wojciech"]
[Result "1-0"]
[WhiteTitle "I++"]
[BlackTitle "I"]
[WhiteElo "2040"]
[BlackElo "1820"]

1. e4 c5 2. Nc3 Nc6 3. f4 e6 4. Bb5 Nd4 5. d3 a6 6. Bc4 b5 7. Bb3 Bb7 8. Nf3 Nxb3
9. axb3 d5 10. O-O b4 11. Na4 dxe4 12. Ne5 Nf6 13. Be3 exd3 14. Nxd3 Qd5 15. Qe2
Qc6 16. Naxc5 Nd5 17. Nxb7 Qxb7 18. f5 Be7 19. fxe6 O-O 20. Rxf7 Rxf7 21. exf7+
Kxf7 22. Qf3+ Bf6 23. Nf4 Rd8 24. Rd1 Rd7 25. Rxd5 Re7 26. Qh5+ g6 27. Qxh7+ Bg7
28. Qxg6+ 1-0

[Event "XXV Miedzynarodowy Festiwal Szachowy w Poznaniu - OPEN A"]
[Site "Poznan"]
[Date "2017-08-27"]
[Round "9.14"]
[White "Bajerlein, Dawid"]
[Black "Mocny, Tomasz"]
[Result "1-0"]
[WhiteTitle "k"]
[BlackTitle "I"]
[WhiteElo "2037"]
[BlackElo "1731"]

1. d4 Nf6 2. c4 e6 3. Nc3 Bb4 4. Qc2 d5 5. Bg5 h6 6. Bh4 c5 7. e3 cxd4 8. exd4
dxc4 9. Nf3 Nc6 10. Rd1 b5 11. Be2 O-O 12. O-O a6 13. a4 Rb8 14. Ne4 Be7 15. Bg3
Rb6 16. Nc5 Nd5 17. Qd2 Bd6 18. Ne5 Nce7 19. Bg4 f5 20. Bh3 f4 21. Bxe6+ Bxe6
22. Nxe6 Qc8 23. Nxf4 Nxf4 24. Bxf4 Nd5 25. Bg3 Bb4 26. Qc2 Re6 27. axb5 axb5
28. Qe4 Rd8 29. f4 Nf6 30. Qf3 Red6 31. Bf2 Ba5 32. Ra1 Bb6 33. Rfd1 Qf5 34. Nc6
R8d7 35. Ra8+ Kh7 36. Ne5 Rc7 37. g4 Qe4 38. g5 hxg5 39. Qh3+ Nh5 40. Qxh5+ Rh6
41. Qf3 Qxf3 42. Nxf3 gxf4 43. Rf8 Re7 44. Rxf4 Re2 45. Rd2 Rxd2 46. Nxd2 Bc7
47. Rh4 Ba5 48. Rxh6+ Kxh6 49. Be3+ Kg6 50. Kf2 Kf7 51. Kf3 Bc7 52. h3 Bb8 53.
Ne4 Ke6 54. Bf4 Ba7 55. Be5 g6 56. Nf6 Bb6 57. Ke4 Ba5 58. d5+ Ke7 59. Kd4 Bb6+
60. Ke4 b4 61. d6+ Ke6 62. d7 Ba5 63. Bd4 c3 64. bxc3 bxc3 65. Bxc3 Bd8 66. Kf4
Kf7 67. Bd4 Bc7+ 68. Ke4 Ke6 69. Nd5 Bd8 70. Bb6 Kxd7 71. Bxd8 Kxd8 72. Ke5 Ke8
73. Kf6 Kf8 74. Kxg6 Kg8 75. Nf4 Kh8 76. Ne6 Kg8 77. h4 Kh8 78. h5 Kg8 79. h6
Kh8 80. Ng5 Kg8 81. h7+ 1-0

[Event "XXV Miedzynarodowy Festiwal Szachowy w Poznaniu - OPEN A"]
[Site "Poznan"]
[Date "2017-08-27"]
[Round "9.15"]
[White "Zielinski, Olgierd"]
[Black "Malyovanyi, Yulian"]
[Result "1-0"]
[WhiteTitle "I+"]
[BlackTitle ""]
[WhiteElo "1869"]
[BlackElo "2006"]

1. e4 c5 2. Nf3 e6 3. Nc3 a6 4. d4 cxd4 5. Nxd4 Qc7 6. Bd3 Nc6 7. Nb3 b5 8. a3
Bb7 9. O-O Nf6 10. f4 d6 11. Be3 Be7 12. Qf3 O-O 13. g4 Nd7 14. Qh3 Rfe8 15. g5
Nf8 16. f5 Bd8 17. fxe6 fxe6 18. e5 Nxe5 19. Rxf8+ Kxf8 20. Rf1+ Ke7 21. Nd4 Kd7
22. Nxe6 Rxe6 23. Bf5 Qc4 24. Rf4 Nf3+ 25. Rxf3 Bxf3 26. Qxf3 Rb8 27. Nd5 Be7
28. Nf4 Ke8 29. Nxe6 g6 30. b3 Qc3 31. Be4 Kd7 32. Nd4 Qe1+ 33. Kg2 Rf8 34. Qh3+
Ke8 35. Bc6+ Kf7 36. Bd5+ Kg7 37. Ne6+ Kh8 38. Nxf8 Qe2+ 39. Bf2 Bxf8 40. Qc3+
1-0

[Event "XXV Miedzynarodowy Festiwal Szachowy w Poznaniu - OPEN A"]
[Site "Poznan"]
[Date "2017-08-27"]
[Round "9.16"]
[White "Michalski, Karol"]
[Black "Augustowski, Janusz"]
[Result "1-0"]
[WhiteTitle "I"]
[BlackTitle ""]
[WhiteElo "1992"]
[BlackElo "1810"]

1. d4 Nf6 2. Nf3 g6 3. c4 c5 4. d5 b5 5. cxb5 a6 6. bxa6 Bxa6 7. g3 Bg7 8. Bg2
d6 9. O-O O-O 10. Re1 Nbd7 11. Nc3 Ng4 12. Qc2 Qc7 13. Rb1 Rfb8 14. b3 Nde5 15.
Nd2 c4 16. Bb2 Qa7 17. Nde4 f5 18. h3 Nd3 19. exd3 cxd3 20. Qd1 d2 21. Qxd2 Bh6
22. hxg4 Bxd2 23. Nxd2 Bd3 24. Rbd1 fxg4 25. Re3 Bf5 26. Bf1 Qd7 27. a4 Bc2 28.
Rde1 Ra7 29. Nb5 Rab7 30. Rxe7 Qxe7 31. Rxe7 Rxe7 32. Nd4 Re1 33. Nxc2 Rd1 34.
Bc3 Rc1 35. Ne3 Rxc3 36. Bc4 h5 37. Ne4 Rcxb3 38. Bxb3 Rxb3 39. a5 Rb1+ 40. Kg2
Kf8 41. Nxd6 Ke7 42. Ndc4 Ra1 43. Ne5 g5 44. N3c4 Ra2 45. d6+ Ke6 46. d7 Ke7 47.
Nb6 Rc2 48. a6 1-0

[Event "XXV Miedzynarodowy Festiwal Szachowy w Poznaniu - OPEN A"]
[Site "Poznan"]
[Date "2017-08-27"]
[Round "9.17"]
[White "Purzycki, Jan Dawid"]
[Black "Sacharewicz, Krzysztof"]
[Result "1/2-1/2"]
[WhiteTitle "I+"]
[BlackTitle "I+"]
[WhiteElo "1982"]
[BlackElo "1800"]

1. c4 Nf6 2. Nc3 c5 3. Nf3 a6 4. e4 d6 5. d4 cxd4 6. Nxd4 g6 7. Be2 Bg7 8. Be3
Nc6 9. f3 h5 10. Qd2 Qa5 11. O-O Nxd4 12. Bxd4 Be6 13. Rfd1 Rc8 14. b3 h4 15.
Nd5 Qxd2 16. Nxf6+ Bxf6 17. Rxd2 Bxd4+ 18. Rxd4 f5 19. Bd3 Kf7 20. exf5 Bxf5 21.
Re1 Rcd8 22. Be4 Bxe4 23. Rexe4 e5 24. Rd5 g5 25. Kf2 Ke6 26. a4 Rc8 27. Rg4 Rhg8
28. Ke2 Rc5 29. Rxc5 dxc5 30. g3 hxg3 31. h4 Kf5 32. Rxg3 Rg6 33. Rxg5+ Rxg5 34.
hxg5 Kxg5 35. Ke3 Kf5 36. a5 Kf6 37. Ke4 Ke6 38. f4 exf4 39. Kxf4 Kf6 40. Ke4
Ke6 41. Kf4 1/2-1/2

[Event "XXV Miedzynarodowy Festiwal Szachowy w Poznaniu - OPEN A"]
[Site "Poznan"]
[Date "2017-08-27"]
[Round "9.18"]
[White "Wawrzyniak, Pawel"]
[Black "Dzwikowski, Adam"]
[Result "1-0"]
[WhiteTitle "I"]
[BlackTitle "I+"]
[WhiteElo "1749"]
[BlackElo "1975"]

1. d4 d5 2. c4 e6 3. Nc3 c6 4. e3 Nf6 5. Nf3 Nbd7 6. Bd3 dxc4 7. Bxc4 b5 8. Bd3
a6 9. e4 Qc7 10. O-O Bb7 11. Re1 O-O-O 12. Qe2 c5 13. Bxb5 axb5 14. Nxb5 Qb6 15.
Ng5 Be7 16. Nxf7 Nxe4 17. Nxh8 Rxh8 18. Be3 Kb8 19. a4 Qc6 20. f3 Ng5 21. Bf4+
Ka8 22. h4 Nxf3+ 23. Qxf3 Qb6 24. Qh3 e5 25. Qxd7 exf4 26. Rxe7 Rb8 27. Re8 Qg6
28. Rxb8+ Kxb8 29. Qd8+ Bc8 30. Qc7+ 1-0

[Event "XXV Miedzynarodowy Festiwal Szachowy w Poznaniu - OPEN A"]
[Site "Poznan"]
[Date "2017-08-27"]
[Round "9.19"]
[White "Simon, Marek"]
[Black "Kozlowska, Marzena"]
[Result "1-0"]
[WhiteTitle "I"]
[BlackTitle "k++"]
[WhiteElo "1837"]
[BlackElo "1970"]

1. d4 Nf6 2. c4 g6 3. Nc3 Bg7 4. e4 d6 5. Nf3 O-O 6. Be2 Nc6 7. O-O e5 8. d5 Ne7
9. Ne1 Nd7 10. Nd3 f5 11. f3 f4 12. Bd2 Nf6 13. b4 Nh5 14. c5 g5 15. Rc1 Ng6 16.
cxd6 cxd6 17. Nf2 Nh4 18. Nb5 g4 19. Nxg4 Bxg4 20. fxg4 Qb6+ 21. Kh1 Nf6 22. Be1
Nxe4 23. Bxh4 Bf6 24. Qd3 Bxh4 25. Qxe4 Rf6 26. Nc7 Rc8 27. Ne6 Re8 28. Rc7 Rh6
29. Qf5 Rf6 30. Qxh7# 1-0

[Event "XXV Miedzynarodowy Festiwal Szachowy w Poznaniu - OPEN A"]
[Site "Poznan"]
[Date "2017-08-27"]
[Round "9.20"]
[White "Rozumek, Krzysztof"]
[Black "Wojdak, Jan"]
[Result "0-1"]
[WhiteTitle "I++"]
[BlackTitle "II"]
[WhiteElo "1952"]
[BlackElo "1624"]

1. h3 d5 2. c3 c5 3. d4 e6 4. Bf4 Nf6 5. e3 Be7 6. Nf3 b6 7. Nbd2 Bb7 8. Ne5 O-O
9. Bd3 Nbd7 10. Ndf3 Ne4 11. Nxd7 Qxd7 12. Ne5 Qd8 13. O-O f6 14. Nf3 Bd6 15.
Bxd6 Qxd6 16. Bxe4 dxe4 17. dxc5 Qxd1 18. Rfxd1 exf3 19. Rd7 Be4 20. gxf3 Bxf3
21. cxb6 axb6 22. Rd6 Ra5 23. a4 b5 24. Rxe6 bxa4 25. Kh2 Rb8 26. Kg3 Bd5 27.
Rd6 Bb3 28. h4 Bc4 29. Rd2 0-1

[Event "XXV Miedzynarodowy Festiwal Szachowy w Poznaniu - OPEN A"]
[Site "Poznan"]
[Date "2017-08-27"]
[Round "9.21"]
[White "Nadstoga, Wojciech"]
[Black "Janicki, Rafal"]
[Result "1-0"]
[WhiteTitle "I++"]
[BlackTitle "I"]
[WhiteElo "1926"]
[BlackElo "1692"]

1. Nf3 c5 2. g3 d5 3. Bg2 Nf6 4. d3 Nc6 5. Nbd2 e5 6. O-O Bd6 7. e4 d4 8. h3 O-O
9. a4 Be6 10. Ng5 Bd7 11. Nc4 Bc7 12. f4 h6 13. Nf3 Qe7 14. f5 b6 15. Rf2 a6 16.
Bf1 b5 17. axb5 axb5 18. Rxa8 Rxa8 19. Na3 Na5 20. g4 Ne8 21. h4 Bd6 22. Rg2 Kf8
23. g5 hxg5 24. hxg5 Qd8 25. Qe1 Qb6 26. f6 gxf6 27. gxf6 Nxf6 28. Qh4 Ke7 29.
Bg5 Bc7 30. Nh2 b4 31. Nc4 Nxc4 32. dxc4 Qa6 33. Kh1 Rb8 34. Rf2 Rb6 35. Bh3 Bxh3
36. Qxh3 Qa1+ 37. Kg2 Qxb2 38. Bxf6+ Kd6 39. Bxe5+ Kxe5 40. Qf5+ Kd6 41. Qd5+
Ke7 42. Rxf7+ 1-0

[Event "XXV Miedzynarodowy Festiwal Szachowy w Poznaniu - OPEN A"]
[Site "Poznan"]
[Date "2017-08-27"]
[Round "9.22"]
[White "Sobczak, Miroslaw"]
[Black "Tomczak, Marta"]
[Result "1-0"]
[WhiteTitle "I++"]
[BlackTitle "I"]
[WhiteElo "1925"]
[BlackElo "1480"]

1. e4 c5 2. d4 cxd4 3. Qxd4 Nc6 4. Qe3 e5 5. Nc3 Nf6 6. Bd2 a6 7. Bc4 Be7 8. Qg3
O-O 9. Bh6 Ne8 10. Nf3 d6 11. Nd5 Kh8 12. Be3 b5 13. Bb3 Nf6 14. Ng5 Nh5 15. Qh4
g6 16. g4 h6 17. Nxe7 Qxe7 18. gxh5 Qf6 19. hxg6 Kg7 20. Ne6+ 1-0

[Event "XXV Miedzynarodowy Festiwal Szachowy w Poznaniu - OPEN A"]
[Site "Poznan"]
[Date "2017-08-27"]
[Round "9.23"]
[White "Niemier, Hubert"]
[Black "Frackowiak, Andrzej"]
[Result "1-0"]
[WhiteTitle "I"]
[BlackTitle "II"]
[WhiteElo "1924"]
[BlackElo "1611"]

1. d4 d5 2. c4 e6 3. Nc3 c6 4. Nf3 Nf6 5. Bg5 Be7 6. e3 Nbd7 7. Bd3 Qa5 8. O-O
O-O 9. a3 Re8 10. b4 Qd8 11. Qb3 a6 12. c5 h6 13. Bf4 Nh5 14. Ne2 Nxf4 15. exf4
Qc7 16. Bc2 Nf8 17. Kh1 Bd7 18. a4 b6 19. g4 bxc5 20. bxc5 f6 21. g5 fxg5 22.
fxg5 hxg5 23. Rg1 Bf6 24. Nxg5 e5 25. Ne4 Re6 26. Nxf6+ Rxf6 27. Qg3 Bf5 28. Bxf5
Rxf5 29. Rab1 Ne6 30. Rb6 Rg5 31. Qh3 Rxg1+ 32. Kxg1 Nd8 33. Qg3 Ne6 34. a5 exd4
35. Qxc7 Nxc7 36. Nxd4 Nb5 37. Nxc6 d4 38. Kf1 Re8 39. Rb8 Rxb8 40. Nxb8 Nc7 41.
Ke2 Kf7 42. Kd3 Ke6 43. Kxd4 Nb5+ 44. Kc4 Nc7 45. h4 g6 46. Nxa6 Nxa6 47. Kb5
Nc7+ 48. Kc6 Na6 49. Kb6 Nb4 50. a6 Kd7 51. a7 Nd5+ 52. Kb7 Nc7 53. c6+ Kd6 54.
f3 Na8 55. Kxa8 Kc7 56. f4 Kc8 57. f5 1-0

[Event "XXV Miedzynarodowy Festiwal Szachowy w Poznaniu - OPEN A"]
[Site "Poznan"]
[Date "2017-08-27"]
[Round "9.24"]
[White "Walkowski, Milosz"]
[Black "Kozlowski, Tomasz"]
[Result "1-0"]
[WhiteTitle "I"]
[BlackTitle "I++"]
[WhiteElo "1772"]
[BlackElo "1918"]

1. d4 Nf6 2. c4 e6 3. Nc3 d5 4. Nf3 Be7 5. Bg5 Ne4 6. Bxe7 Qxe7 7. e3 O-O 8. Bd3
f5 9. Qc2 c6 10. O-O Bd7 11. Ne5 Be8 12. f3 Nxc3 13. Qxc3 Nd7 14. Nxd7 Qxd7 15.
b4 g5 16. a4 h5 17. c5 h4 18. b5 h3 19. Ra2 Bh5 20. g3 Rae8 21. f4 Qg7 22. Rb2
Re7 23. Kf2 Rf6 24. bxc6 bxc6 25. Rfb1 Kh7 26. a5 Kh6 27. a6 Rff7 28. Rb8 gxf4
29. exf4 e5 30. dxe5 d4 31. Qb3 Qg4 32. Bf1 d3 33. Qxd3 Rd7 34. Qe3 Rd5 35. e6
Rg7 36. Rh8+ Kg6 37. e7 Rxe7 38. Qxe7 Rd2+ 39. Kg1 Qxg3+ 40. hxg3 h2+ 41. Kh1
Bf3+ 42. Bg2 Bxg2+ 43. Kxh2 Bf3+ 44. Kg1 1-0

[Event "XXV Miedzynarodowy Festiwal Szachowy w Poznaniu - OPEN A"]
[Site "Poznan"]
[Date "2017-08-27"]
[Round "9.25"]
[White "Zakrzewski, Bartosz"]
[Black "Stachowiak, Slawomir"]
[Result "0-1"]
[WhiteTitle "II"]
[BlackTitle "I"]
[WhiteElo "1554"]
[BlackElo "1915"]

1. e4 e5 2. Nf3 Nc6 3. d4 exd4 4. Nxd4 d6 5. Nc3 Nf6 6. Bc4 Be7 7. O-O O-O 8. Re1
Bd7 9. Nd5 Nxd5 10. exd5 Nxd4 11. Qxd4 Bf6 12. Qf4 Be5 13. Qf3 Qh4 14. Rxe5 dxe5
15. b3 Qd4 16. Rb1 Qg4 17. Be2 Qxf3 18. Bxf3 Rfe8 19. Ba3 b6 20. c4 e4 21. Be2
c6 22. Rd1 cxd5 23. Rxd5 Bc6 24. Rd6 Re6 25. Rxe6 fxe6 26. Bc1 Rb8 27. Be3 Rb7
28. Kf1 a6 29. c5 b5 30. b4 Rd7 31. Ke1 Kf7 32. g3 Ke8 33. a3 Kd8 34. Bd2 Kc8
35. Kd1 Rd5 36. Kc2 a5 37. Kc3 axb4+ 38. axb4 Rd7 39. Be3 Ra7 40. Kb2 Kd7 41.
Bd2 Rb7 42. Be3 Bd5 43. Bd1 Kc6 44. Bb3 Ra7 45. Bd4 Bxb3 46. Kxb3 Kd5 47. Be3
Ra1 48. h4 Rd1 49. c6 Kxc6 50. Bc5 Rd3+ 51. Kc2 Kd5 52. Bf8 g6 53. Bc5 Kc4 54.
Kb2 Rd2+ 55. Kc1 Kd3 56. Be3 Re2 57. Bc5 Re1+ 58. Kb2 Rf1 59. Be3 Ke2 60. Kc3
e5 61. Bc5 Rxf2 62. Bd6 Rf3+ 63. Kc2 Rxg3 64. Bxe5 Rh3 65. Bf6 Kf1 66. Bg5 e3
0-1

[Event "XXV Miedzynarodowy Festiwal Szachowy w Poznaniu - OPEN A"]
[Site "Poznan"]
[Date "2017-08-27"]
[Round "9.26"]
[White "Godek, Martyna"]
[Black "Kaluzny, Lukasz"]
[Result "0-1"]
[WhiteTitle "I"]
[BlackTitle "I+"]
[WhiteElo "1634"]
[BlackElo "1910"]

1. e4 c5 2. Nc3 e6 3. Nf3 a6 4. a4 Nc6 5. d4 cxd4 6. Nxd4 d6 7. Bc4 Nf6 8. O-O
Be7 9. Re1 O-O 10. Be3 Qc7 11. Bb3 Bd7 12. f4 Na5 13. Rc1 Nxb3 14. Nxb3 b5 15.
axb5 axb5 16. e5 dxe5 17. fxe5 Qxe5 18. Bd4 Qc7 19. Be5 Qb7 20. Qd3 Bc6 21. Qg3
b4 22. Ne2 Nh5 23. Qg4 g6 24. Ned4 Bd5 25. Re3 f6 26. Nxe6 f5 27. Qe2 Bxe6 28.
Bg3 Nxg3 29. hxg3 Bxb3 30. Rxe7 Qb6+ 31. Kh2 Bf7 32. Rd1 Rae8 33. Rdd7 Rxe7 34.
Qxe7 Qe6 35. Qxe6 Bxe6 36. Rb7 Rc8 37. Rxb4 Rxc2 38. Rb8+ Kg7 39. b4 Bd5 40. b5
Rxg2+ 41. Kh3 Rb2 42. b6 g5 0-1

[Event "XXV Miedzynarodowy Festiwal Szachowy w Poznaniu - OPEN A"]
[Site "Poznan"]
[Date "2017-08-27"]
[Round "9.27"]
[White "Duszczak, Dariusz"]
[Black "Chaczynski, Kamil"]
[Result "1-0"]
[WhiteTitle "I"]
[BlackTitle "II+"]
[WhiteElo "1892"]
[BlackElo "1495"]

1. e4 c6 2. d4 d5 3. e5 Bf5 4. Nf3 e6 5. Nbd2 Nd7 6. Be2 Ne7 7. O-O c5 8. c4 Qc7
9. dxc5 Nxe5 10. Nxe5 Qxe5 11. Qa4+ Nc6 12. cxd5 Qxd5 13. Bf3 Qd7 14. Nc4 Bxc5
15. Rd1 Nd4 16. Qxd7+ Kxd7 17. b4 Bxb4 18. Rxd4+ Ke7 19. Ba3 Bxa3 20. Nxa3 Rab8
21. g4 e5 22. Ra4 Be6 23. Rxa7 Rhd8 24. Nb5 g6 25. a4 Rd7 26. Rd1 Rxd1+ 27. Bxd1
Bd5 28. Nc3 Bc6 29. Be2 Kd6 30. Ra5 Rf8 31. f3 f5 32. gxf5 gxf5 33. Kf2 Rf6 34.
Bb5 b6 35. Ra7 Rh6 36. Bxc6 Rxh2+ 37. Kg3 Rc2 38. Nb5+ 1-0